Central Library OPAC University of Rajshahi

أبحاث الندوة العالمية الأولى لتعليم العربية لغير الناطقين بها # Abḥāth al-Nadwah al-ʻĀlamīyah al-Ūlá li-Taʻlīm al-ʻArabīyah li-Ghayr al-Nāṭiqīn bi-hā = Proceedings of the first International Symposium on Teaching Arabic to non Arabic Spakers / (Record no. 79936)

MARC details
000 -LEADER
fixed length control field 01588naa a2200277 a 4500
001 - CONTROL NUMBER
control field 79936
003 - CONTROL NUMBER IDENTIFIER
rucl marc code BD-RjUL
005 - DATE AND TIME OF LATEST TRANSACTION
control field 20220607160331.0
008 - FIXED-LENGTH DATA ELEMENTS--GENERAL INFORMATION
fixed length control field 220607s1980 su ||||| |||| 00| 0 ara d
035 ## - SYSTEM CONTROL NUMBER
System control number (BD-RjUL)79936
040 ## - CATALOGING SOURCE
Original cataloging agency BD-RjUL
Language of cataloging eng
Transcribing agency BD-RjUL
041 ## - LANGUAGE CODE
Language code of text/sound track or separate title ara
082 ## - DEWEY DECIMAL CLASSIFICATION NUMBER
Edition number 23
Classification number 892.707
Author mark and year BAA 1980
100 ## - MAIN ENTRY--PERSONAL NAME
Personal name
9 (RLIN) 3496
245 10 - TITLE STATEMENT
Title أبحاث الندوة العالمية الأولى لتعليم العربية لغير الناطقين بها # Abḥāth al-Nadwah al-ʻĀlamīyah al-Ūlá li-Taʻlīm al-ʻArabīyah li-Ghayr al-Nāṭiqīn bi-hā = Proceedings of the first International Symposium on Teaching Arabic to non Arabic Spakers /
Statement of responsibility, etc. إعداد وتحرير وتقديم محمد حسن باكلا. # M H Bakalla; Jāmiʻat al-Riyāḍ. ʻImādat Shuʼūn al-Maktabāt.
260 ## - PUBLICATION, DISTRIBUTION, ETC. (IMPRINT)
Place of publication, distribution, etc. Al-Riyāḍ : الرياض
Name of publisher, distributor, etc. جامعة الرياض، عمادة شئون المكتبات # ʻImādat Shuʼūn al-Maktabāt, Jāmiʻat al-Riyāḍ,
Date of publication, distribution, etc. 1980.
300 ## - PHYSICAL DESCRIPTION
Pagination v. ;
Size 24 cm
505 ## - FORMATTED CONTENTS NOTE
Formatted contents note Vol. 1-Language : the kind of arabic to be taugh, sound and script, grammar and lexicon.-- v.2. Teacher , text books , methoods , aids.--v.2.research , student, culture.--
650 ## - SUBJECT ADDED ENTRY--TOPICAL TERM
Topical term or geographic name as entry element Arabic language
Form subdivision Study and teaching
General subdivision Congresses.
9 (RLIN) 3497
Topical term or geographic name as entry element Arabic language
Form subdivision Study and teaching.
700 ## - ADDED ENTRY--PERSONAL NAME
Personal name باكلا, محمد حسن # Bakla, Muhammad Hassan
Personal name Shalakany Abdul Hamid # الشلقاني, عبد الحميد
Personal name Sieny, Mahmoud Esmail
Personal name Kassimi, Ali muhammad
942 ## - ADDED ENTRY ELEMENTS (KOHA)
Source of classification or shelving scheme Dewey Decimal Classification
Koha item type Books
Holdings
Lost status Source of classification or shelving scheme Damaged status Not for loan Collection code Permanent Location Current Location Shelving location Date acquired Source of acquisition Cost, normal purchase price Full call number Date last seen Copy number Koha item type
  Dewey Decimal Classification   Not For Loan Non-fiction Central Library, University of Rajshahi Central Library, University of Rajshahi Reading Room 22/03/1994 Riyad University 0.00 A 892.707 BAA V-1 1980 07/06/2022 C-1 Books
  Dewey Decimal Classification   Not For Loan Non-fiction Central Library, University of Rajshahi Central Library, University of Rajshahi Reading Room 22/03/1994 Riyad University   A 892.707 BAA V-2 1980 07/06/2022 C-1 Books
  Dewey Decimal Classification   Not For Loan Non-fiction Central Library, University of Rajshahi Central Library, University of Rajshahi Reading Room 22/03/1994 Riyad University   A 892.707 BAA V-3 1980 07/06/2022 C-1 Books